|
|
|
|
| LEADER |
00710 a2200169 4500 |
| 008 |
150330b xxu||||| |||| 00| 0 eng d |
| 020 |
|
|
|a 9788175964327
|
| 082 |
|
|
|a 320.55G
|
| 100 |
|
|
|a Weber, Thomas
|
| 245 |
|
|
|a Gandhiji as discipline and mentor/
|c Thomas Weber
|
| 260 |
|
|
|c 2007.
|b Cambridge,
|a New Delhi:
|
| 300 |
|
|
|a 279p.;
|c 22cm.
|
| 650 |
|
|
|a Gandhi.
|
| 942 |
|
|
|2 ddc
|c BK
|
| 999 |
|
|
|c 104797
|d 104797
|
| 952 |
|
|
|0 0
|1 0
|4 0
|6 320_000000000000000_55G_WEB_G
|7 0
|9 106914
|a UL
|b UL
|c ST1
|d 2014-02-20
|e 2
|g 248.50
|l 2
|m 1
|o 320.55G WEB/G
|p 92083
|r 2019-02-26
|s 2018-12-20
|v 350.00
|y BK
|
| 952 |
|
|
|0 0
|1 0
|2 ddc
|4 0
|6 320_000000000000000_55G_WEB_G
|7 0
|9 342136
|a HIS
|b HIS
|c ST1
|d 2018-11-29
|i 26033
|l 0
|o 320.55G WEB/G
|p HIS26033
|r 2018-11-29
|w 2018-11-29
|y BK
|